Dune. La cruzada de las máquinas
Salvato in:
| Autori principali: | , |
|---|---|
| Natura: | Libro |
| Lingua: | spagnolo |
| Pubblicazione: |
Barcelona
DeBolsillo
2010
|
| Edizione: | 3a. ed |
| Serie: | Biblioteca, 553,5. Best Seller
|
| Soggetti: | |
| Tags: |
Aggiungi Tag
Nessun Tag, puoi essere il primo ad aggiungerne!!
|
MARC
| LEADER | 00000cam a2200000 a 4500 | ||
|---|---|---|---|
| 001 | UCF1653 | ||
| 003 | CL-VaPUC | ||
| 008 | 120723e20100000SP |||||||||||||||||spa|d | ||
| 020 | |a 9788483463659 | ||
| 082 | 0 | 4 | |a 813 |b HER |2 21 |
| 100 | |a Herbert, Brian |e author |9 563143 | ||
| 700 | 0 | |a Anderson, Kevin J |e author |9 563135 | |
| 245 | 1 | 0 | |a Dune. La cruzada de las máquinas |
| 250 | |a 3a. ed | ||
| 300 | |a 807 p | ||
| 942 | |c BK | ||
| 945 | |d 20120723 00:00:00 |a cmena | ||
| 260 | |a Barcelona |b DeBolsillo |c 2010 | ||
| 500 | |a Segunda entrega de la trilogía Leyendas de Dune | ||
| 500 | |a Han pasado veinticuatro años desde los sucesos relatados en Dune. La Yihad Butleriana. La revuelta de los humanos contra las máquinas pensantes tras el asesinato del hijo de Serena Butler se ha convertido en un conflicto sangriento, que ha cobrado innumerables vidas humanas. Vorian Atreides y Xavier Harkonnen comandan las fuerzas de la Yihad en una guerra interminable donde no hay vencedores ni vencidos. Los temibles cimek, liderados por el titán Agamenón, planean recuperar el poder que perdieron. Norma Cenva y Aurelius Venport están a punto de realizar un descubrimiento que cambiará radicalmente los viajes espaciales. Y en Arrakis, el remoto planeta de las dunas, Selim Montagusanos y sus partidarios dan los primeros pasos para convertirse en los fieros guerreros que cambiarán el curso de la historia: los fremen | ||
| 650 | 0 | |a Novelas estadounidenses |9 265217 | |
| 650 | 0 | |a Literatura estadounidense |9 317168 | |
| 650 | 0 | |a Novelas de ciencia ficción |9 320228 | |
| 583 | |a last modification |c 20120723 10:17:00 |k Rodrigo Vera | ||
| 490 | 0 | |a Biblioteca, 553,5. Best Seller | |
| 999 | |c 348341 |d 348339 | ||
| 952 | |0 0 |1 0 |4 0 |6 813_000000000000000_HER_2010 |7 0 |8 A |9 450320 |a BIBING |b BIBING |d 2019-11-22 |i 4875265 |l 2 |m 1 |o 813 HER 2010 |p 4875265 |r 2025-01-20 |s 2024-04-10 |w 2019-11-22 |y BK |k CUI | ||